LEADER 00747nam 2200241z- 450 001 9910671202603321 005 20170321083418.0 035 $a(CKB)4920000000520119 035 $a(EXLCZ)994920000000520119 100 $a20200531c2015uuuu -u- - 101 0 $aeng 200 13$aLa costumbre en el derecho argentino $eana?lisis jusfiloso?fico y trailista de la "razo?n" del pueblo /$fElvito Galati 210 $cEditorial vLex 311 $a987-723-025-9 606 $aCustomary law$zArgentina 606 $aCustomary law 615 0$aCustomary law 615 0$aCustomary law. 700 $aGalati$b Elvito$01336348 906 $aBOOK 912 $a9910671202603321 996 $aLa costumbre en el derecho argentino$93052605 997 $aUNINA